El abuelo que saltó por la ventana y se largó / (Record no. 197870)
[ view plain ]
| 000 -LEADER | |
|---|---|
| campo de control de longitud fija | 01500nam a22003974c 4500 |
| 001 - NÚMERO DE CONTROL | |
| campo de control | 197870 |
| 003 - IDENTIFICADOR DE NÚMERO DE CONTROL | |
| campo de control | ES-MaACL |
| 005 - FECHA Y HORA DE LA ÚLTIMA TRANSACCIÓN | |
| campo de control | 20251211063019.0 |
| 008 - DATOS DE LONGITUD FIJA--INFORMACIÓN GENERAL | |
| campo de control de longitud fija | 251015s2014 sp | |||| 001 f spa |
| 017 ## - NÚMERO DE COPYRIGHT O DE DEPÓSITO LEGAL | |
| Número de copyright o de depósito legal | B 16111-2012 |
| Agencia que asigna | Oficina Depósito Legal Barcelona |
| 020 ## - NÚMERO INTERNACIONAL ESTÁNDAR DEL LIBRO | |
| Número Internacional Estándar del Libro | 978-84-9838-416-1 |
| 040 ## - FUENTE DE CATALOGACIÓN | |
| Centro catalogador/agencia de origen | SpMaBN |
| Lengua de catalogación | spa |
| Centro/agencia transcriptor | SpMaBN |
| Normas de descripción | rdc |
| 080 ## - NÚMERO DE LA CLASIFICACIÓN DECIMAL UNIVERSAL | |
| Número de la Clasificación Decimal Universal | 821.113.6-31"19" |
| 100 1# - ENTRADA PRINCIPAL--NOMBRE DE PERSONA | |
| Nombre de persona | Jonasson, Jonas |
| Fechas asociadas al nombre | 1961- |
| 9 (RLIN) | 242354 |
| 240 10 - TÍTULO UNIFORME | |
| Título uniforme | Hundraaringen som klev ut genom fönstret och försvann. |
| Lenguaje de la obra | Español |
| 9 (RLIN) | 242587 |
| 245 13 - MENCIÓN DEL TÍTULO | |
| Título | El abuelo que saltó por la ventana y se largó / |
| Mención de responsabilidad, etc. | Jonas Jonasson ; traducción del sueco de Sofía Pascual Pape |
| 250 ## - MENCION DE EDICION | |
| Mención de edición | 24ª edición, marzo de 2014 |
| 264 #1 - PRODUCCIÓN, PUBLICACIÓN, DISTRIBUCIÓN, FABRICACIÓN Y COPYRIGHT | |
| Producción, publicación, distribución, fabricación y copyright | [Barcelona] : |
| Nombre del de productor, editor, distribuidor, fabricante | Salamandra, |
| Fecha de producción, publicación, distribución, fabricación o copyright | [2014] |
| 300 ## - DESCRIPCIÓN FÍSICA | |
| Extensión | 413 páginas ; |
| Dimensiones | 22 cm |
| 336 ## - TIPO DE CONTENIDO | |
| Término de tipo de contenido | Texto (visual) |
| Fuente | isbdcontent |
| 337 ## - TIPO DE MEDIO | |
| Nombre/término del tipo de medio | sin mediación |
| Fuente | isbdmedia |
| 338 ## - TIPO DE SOPORTE | |
| Fuente | rdacarrier |
| Nombre/término del tipo de soporte | volumen |
| 490 0# - MENCIÓN DE SERIE | |
| Mención de serie | Narrativa |
| 500 ## - NOTA GENERAL | |
| Nota general | Índice |
| 594 ## - NOTA AL TITULO Y MENCION DE RESPONSABILIDAD | |
| Nota al título y mención de responsabilidad | Título original: Hundraaringen som klev ut genom fönstret och försvann |
| 655 #4 - TERMINO DE INDIZACIÓN--GENERO/FORMA | |
| Fuente del término | tgfbne |
| 9 (RLIN) | 176428 |
| Datos o término principal de género/forma | Novelas de humor |
| 700 1# - ENTRADA AGREGADA--NOMBRE PERSONAL | |
| Nombre de persona | Pascual Pape, Sofía |
| 9 (RLIN) | 242355 |
| Término indicativo de función/relación | Traductor |
| 852 ## - LOCALIZACIÓN | |
| Ubicación | ES-MaACL |
| Ubicación en estantería | Depósito 1 |
| Número de control de estantería | A-15861 |
| Donativo/Legado | Donación: José Lázaro García |
| Encuadernación | Encuadernación rústica con solapas |
| itemnumber | 206978 |
| 901 ## - NOMBRE PERSONAL DE POSESOR | |
| a | MON1207 |
| 942 ## - ELEMENTOS DE ENTRADA SECUNDARIOS (KOHA) | |
| Tipo de ítem Koha | Libro impreso |
| Suprimir en OPAC | No |
| 956 ## - LOCALIZACIÓN Y ACCESO ELECTRÓNICOS LOCAL (OCLC) | |
| Nombre del host | 2 |
| Estatus retirado | Estado de pérdida | Fuente del sistema de clasificación o colocación | Estado de daño | No para préstamo | Biblioteca de origen | Biblioteca actual | Ubicación en estantería | Fecha de adquisición | Fuente de adquisición | Total de préstamos | Signatura topográfica completa | Código de barras | Visto por última vez | Precio de reemplazo | Tipo de ítem Koha |
|---|---|---|---|---|---|---|---|---|---|---|---|---|---|---|---|
| Clasificación decimal universal | Biblioteca del Ateneo de Madrid | Biblioteca del Ateneo de Madrid | Depósito 1 | 15/10/2025 | Donación | A-15861 | 2025-1343 | 09/12/2025 | 09/12/2025 | Libro impreso |
